• 首页
  • 本馆介绍
  • 公告通知
  • 最新文献
  • 馆藏检索
  • 电子资源
  • 读者导购
  • 参考咨询
  • 我的图书馆
  • 登录
  • 详细信息显示
  • 放入我的书架
  • 预约/预借图书
  • 作者相关作品
  • 分类相关作品
  • 丛书相关作品
  • 出版社相关作品

书目信息

  • 表格格式
  • 工作单格式
  • 卡片格式
题名:
十九世纪文学主流
    
 
作者: 勃兰兑斯 著
分册: 第二分册   德国的浪漫派
出版信息: 北京   人民文学出版社  1997
页数: 341页
开本: 20cm
丛书名:
单 册:
中图分类: I109.4
科图分类:
主题词: 文学史--世界--近代 , 文学思想史--世界--近代
电子资源:
ISBN: 7-02-002501-3
000 00702nam0 2200217 45
001 0198028301
005 20050328093818.9
010    @a7-02-002501-3@dCNY90.00
100    @a19980525d1997 em y0chiy0121 ea
101 1  @achi@ceng
102    @aCN@b110000
105    @ay z 000yy
200 10 @a十九世纪文学主流@Ashi jiu shi ji wen xue zhu liu@h第二分册@i德国的浪漫派@f(丹)勃兰兑斯(George Brandes)著@F(Dan)Bo Lan Dui Si(George Brandes)Zhu
210    @a北京@c人民文学出版社@d1997
215    @a341页@d20cm
606 0  @a文学史@y世界@z近代
606 0  @a文学思想史@y世界@z近代
690    @aI109.4@v3
701  0 @a勃兰兑斯@bGeorgeBrandes@4著
801  0 @aCN@bNLC@c19980604
905    @dI109.4@e16:2@f1@b284184
    
    十九世纪文学主流.第二分册.德国的浪漫派/(丹)勃兰兑斯(George Brandes)著.-北京:人民文学出版社,1997
    341页;20cm
    
    
    ISBN 7-02-002501-3:CNY90.00
    
●
相关链接 在E读中查询图书 在五车中查询图书 在当当中查询图书 在豆瓣中查询图书


正题名:十九世纪文学主流     索取号:I109.4/16:2         预约/预借

序号 登录号 条形码 馆藏地/架位号 状态 备注
1 0284181   002841811   第二借阅区/ [索取号:I109.4/16:2] 在馆    
2 0284182   002841820   第二借阅区/ [索取号:I109.4/16:2] 在馆    
3 0284183   002841839   第二借阅区/ [索取号:I109.4/16:2] 在馆    
4 0284184   002841848   第二借阅区/ [索取号:I109.4/16:2] 在馆    
5 0284185   002841857   第一样本阅览室/ [索取号:I109.4/16:2] 在馆    
唐山师范学院图书馆 欢迎您!
大连网信软件有限公司© 版权所有